A textbook of electrical technology / (Record no. 93)
[ view plain ]
| 000 -LEADER | |
|---|---|
| fixed length control field | 00620nac a22001811u 4500 |
| 010 ## - LIBRARY OF CONGRESS CONTROL NUMBER | |
| LC control number | sa 67000466 |
| 020 ## - INTERNATIONAL STANDARD BOOK NUMBER | |
| International Standard Book Number | 8121902894 |
| 082 ## - DEWEY DECIMAL CLASSIFICATION NUMBER | |
| Classification number | 621.3 |
| Item number | T398 |
| 090 ## - LOCALLY ASSIGNED LC-TYPE CALL NUMBER (OCLC); LOCAL CALL NUMBER (OCLC) | |
| -- | 93 |
| -- | 93 |
| 100 ## - MAIN ENTRY--PERSONAL NAME | |
| Personal name | Theraja, B. L. [from oalog] |
| 245 12 - TITLE STATEMENT | |
| Title | A textbook of electrical technology / |
| Statement of responsibility, etc | B.L. Theraja, A.L. Theraja. |
| 250 ## - EDITION STATEMENT | |
| Edition statement | rev. ed. |
| 260 ## - PUBLICATION, DISTRIBUTION, ETC. (IMPRINT) | |
| Place of publication, distribution, etc | New Delhi, |
| Name of publisher, distributor, etc | S Chand |
| Date of publication, distribution, etc | 2003 |
| 300 ## - PHYSICAL DESCRIPTION | |
| Extent | 2432 p. |
| Other physical details | illus. (part col.) |
| Dimensions | 24 cm. |
| 650 #0 - SUBJECT ADDED ENTRY--TOPICAL TERM | |
| Topical term or geographic name as entry element | Electrical engineering |
| 942 ## - ADDED ENTRY ELEMENTS (KOHA) | |
| Item type | Book - Borrowing |
| Call number prefix | 621.3T398 |
| Withdrawn status | Item status | Damaged status | Not for loan | Home library | Current library | Shelving location | Date acquired | Source of acquisition | Total Checkouts | Full call number | Barcode | Date last seen | Cost, replacement price | Koha item type |
|---|---|---|---|---|---|---|---|---|---|---|---|---|---|---|
| Central Library | Central Library | First floor | 07/06/2007 | Purchase | 2 | 621.3 THE | 000004687 | 15/07/2025 | 400.00 | Book - Borrowing |